<?xml version="1.0" encoding="UTF-8"?>
<record
    xmlns:xsi="http://www.w3.org/2001/XMLSchema-instance"
    xsi:schemaLocation="http://www.loc.gov/MARC21/slim http://www.loc.gov/standards/marcxml/schema/MARC21slim.xsd"
    xmlns="http://www.loc.gov/MARC21/slim">

  <leader>01453nam0a22002771  4500</leader>
  <controlfield tag="001">RU\NLR\INFOCOMM_161\5000058825</controlfield>
  <controlfield tag="005">20260406110513.0</controlfield>
  <datafield tag="035" ind1=" " ind2=" ">
    <subfield code="a">(NLR Aleph) 009158627</subfield>
  </datafield>
  <datafield tag="090" ind1=" " ind2=" ">
    <subfield code="a">8439886</subfield>
    <subfield code="c">8439886</subfield>
  </datafield>
  <datafield tag="100" ind1=" " ind2=" ">
    <subfield code="a">20100130d1977    |||y0rusy50      ca</subfield>
  </datafield>
  <datafield tag="101" ind1="1" ind2=" ">
    <subfield code="a">fre</subfield>
    <subfield code="c">rus</subfield>
  </datafield>
  <datafield tag="102" ind1=" " ind2=" ">
    <subfield code="a">RU</subfield>
  </datafield>
  <datafield tag="105" ind1=" " ind2=" ">
    <subfield code="a">a   ||||000|y</subfield>
  </datafield>
  <datafield tag="200" ind1="1" ind2=" ">
    <subfield code="a">Sur le projet de Constitution (Loi fondamentale) de l'Union des R&#xE9;publiques Socialistes Sovi&#xE9;tiques et le bilan de la discussion nationale</subfield>
    <subfield code="e">Rapport &#xE0; la 7-e Sess. (extraordinaire) du Soviet Supr&#xEA;me de l'U. R. S. S. de la neuvi&#xE8;me l&#xE9;gislature du 4 oct. 1977</subfield>
    <subfield code="f">L. I. Brejnev</subfield>
  </datafield>
  <datafield tag="210" ind1=" " ind2=" ">
    <subfield code="a">&#x39C;.</subfield>
    <subfield code="c">&#xC9;d. de l'Agence de presse "Novosti"</subfield>
    <subfield code="d">1977</subfield>
  </datafield>
  <datafield tag="215" ind1=" " ind2=" ">
    <subfield code="a">40 &#x441;.</subfield>
    <subfield code="c">&#x43F;&#x43E;&#x440;&#x442;&#x440;.</subfield>
    <subfield code="d">16 &#x441;&#x43C;</subfield>
  </datafield>
  <datafield tag="300" ind1=" " ind2=" ">
    <subfield code="a">&#x412; &#x432;&#x44B;&#x43F;. &#x434;&#x430;&#x43D;.: &#x41B;. &#x418;. &#x411;&#x440;&#x435;&#x436;&#x43D;&#x435;&#x432;. &#x41E; &#x43F;&#x440;&#x43E;&#x435;&#x43A;&#x442;&#x435; &#x41A;&#x43E;&#x43D;&#x441;&#x442;&#x438;&#x442;&#x443;&#x446;&#x438;&#x438; (&#x41E;&#x441;&#x43D;&#x43E;&#x432;&#x43D;&#x43E;&#x433;&#x43E; &#x437;&#x430;&#x43A;&#x43E;&#x43D;&#x430;) &#x421;&#x43E;&#x44E;&#x437;&#x430; &#x421;&#x43E;&#x432;&#x435;&#x442;&#x441;&#x43A;&#x438;&#x445; &#x421;&#x43E;&#x446;&#x438;&#x430;&#x43B;&#x438;&#x441;&#x442;&#x438;&#x447;&#x435;&#x441;&#x43A;&#x438;&#x445; &#x420;&#x435;&#x441;&#x43F;&#x443;&#x431;&#x43B;&#x438;&#x43A; &#x438; &#x438;&#x442;&#x43E;&#x433;&#x430;&#x445; &#x435;&#x433;&#x43E; &#x432;&#x441;&#x435;&#x43D;&#x430;&#x440;&#x43E;&#x434;&#x43D;&#x43E;&#x433;&#x43E; &#x43E;&#x431;&#x441;&#x443;&#x436;&#x434;&#x435;&#x43D;&#x438;&#x44F;</subfield>
  </datafield>
  <datafield tag="604" ind1=" " ind2=" ">
    <subfield code="1">50010$a&#x41A;&#x43E;&#x43D;&#x441;&#x442;&#x438;&#x442;&#x443;&#x446;&#x438;&#x44F;$n1977$x&#x41F;&#x440;&#x43E;&#x435;&#x43A;&#x442;$2nlr_sh1</subfield>
    <subfield code="1">71001$a&#x421;&#x421;&#x421;&#x420;$4070</subfield>
    <subfield code="t">&#x41A;&#x43E;&#x43D;&#x441;&#x442;&#x438;&#x442;&#x443;&#x446;&#x438;&#x44F;</subfield>
    <subfield code="x">&#x41F;&#x440;&#x43E;&#x435;&#x43A;&#x442;</subfield>
    <subfield code="a">&#x421;&#x421;&#x421;&#x420;</subfield>
  </datafield>
  <datafield tag="686" ind1=" " ind2=" ">
    <subfield code="a">&#x425;620.113.011</subfield>
    <subfield code="2">rubbk</subfield>
  </datafield>
  <datafield tag="700" ind1=" " ind2="1">
    <subfield code="4">070</subfield>
    <subfield code="8">rus</subfield>
    <subfield code="7">ca</subfield>
    <subfield code="a">Bre&#x17E;nev</subfield>
    <subfield code="b">L. I.</subfield>
    <subfield code="f">1906-1982</subfield>
    <subfield code="g">Leonid Il'i&#x10D;</subfield>
    <subfield code="3">RU\NLR\AUTH\77109814</subfield>
    <subfield code="9">92739</subfield>
  </datafield>
  <datafield tag="790" ind1=" " ind2="1">
    <subfield code="9">z02700</subfield>
    <subfield code="a">Brejnev</subfield>
    <subfield code="b">L. I.</subfield>
    <subfield code="4">070</subfield>
  </datafield>
  <datafield tag="801" ind1=" " ind2="1">
    <subfield code="a">RU</subfield>
    <subfield code="b">NLR</subfield>
    <subfield code="c">20100130</subfield>
  </datafield>
  <datafield tag="801" ind1=" " ind2="0">
    <subfield code="a">RU</subfield>
    <subfield code="b">NLR</subfield>
    <subfield code="g">PSBO</subfield>
  </datafield>
  <datafield tag="852" ind1=" " ind2=" ">
    <subfield code="a">NLR</subfield>
    <subfield code="j">&#x41F;21 &#x414;-2/85</subfield>
  </datafield>
  <datafield tag="942" ind1=" " ind2=" ">
    <subfield code="c">BOOK</subfield>
  </datafield>
  <datafield tag="980" ind1=" " ind2=" ">
    <subfield code="a">NB</subfield>
  </datafield>
  <datafield tag="995" ind1=" " ind2=" ">
    <subfield code="5">2013-10-26</subfield>
    <subfield code="b">NLR01</subfield>
    <subfield code="c">NLR01</subfield>
    <subfield code="e">IF</subfield>
    <subfield code="f">9158627-10</subfield>
    <subfield code="k">&#x41F;21 &#x414;-2/85</subfield>
    <subfield code="o">0</subfield>
    <subfield code="r">BOOK</subfield>
    <subfield code="s">21_285</subfield>
  </datafield>
</record>
